Регионална библиотека "Любен Каравелов" - Русе

Коментар на новия Семеен кодекс (Запис номер 91039)

MARC детайли
000 -Лидер
Контролно поле с фиксирана дължина 01874nam a2200373 c 4500
003 - Код на организацията, давaща контролен номер
Контролно поле BLK
005 - Дата и час на последна редакция
Контролно поле 20240520101506.0
008 - Елементи от данни с фиксирана дължина
fixed length control field 180408b bul|||||r ||||||| ||bul||
010 ## - Наследен системен номер
LC control number KNG00095791000
020 ## - Международен стандартен номер на книга ISBN
Международен стандартен номер на книга ISBN 978-954-608-168-1
-- издат.: Труд и право
040 ## - Източник на каталожния запис
Идентификатор на билиотеката - собственик на записа BLK
041 ## - Код за език
Код за езика на текст/звукозапис или на отделно заглавие Български
Код за езика КДБФ Български
080 ## - УДК
Текстов определител УДК Семейно право. Наследствено право. - Семейство, женитба, брак, права и задължения на съпрузите, разторгване на брак и др.
УДК код - определител по УДК 347.6
УДК определител (497.2)(094.9)
УДК - код + определител 347.6(497.2)(094.9)
080 ## - УДК
Текстов определител УДК Основни задачи на общественото управление
УДК код - определител по УДК 351
УДК определител :347.6(497.2)(094.57.072)
УДК - код + определител 351:347.6(497.2)(094.57.072)
139 ## - Редно поле
Редна дума Коментар на новия Семеен кодекс
Авторски знак Ком - К 80
245 10 - Сведения за заглавието
Заглавие Коментар на новия Семеен кодекс
Редно поле (дума) комент. Цанка Тодорова Цанкова.
257 ## - Страна на издаване
Страна на създаване/издаване България
260 ## - Област на издателските данни
-- София
Име на издателя, разпространителя и проч. Труд и право
Година на издаване 2009
300 ## - Физическа характеристика
Страници 688 с.
Илюстрации и др. с табл.
Размери/Мащаб 20 см
380 ## - Жанр
Жанр Обществени науки
500 ## - Общи забележки
Забележка Изд. е съобразено с действащо законодателство към 20 ноем. 2009 г.
650 #4 - Допълнително описание по предмет – тема
Основно описание – тема или топоним Лично и семейно право - България
9 (RLIN) 260589
650 #4 - Допълнително описание по предмет – тема
Основно описание – тема или топоним Наследствено право - България - законодателни и директивни материали
9 (RLIN) 254028
653 ## - Ключова дума – ненормативна
Ключова дума Семеен кодекс
653 ## - Ключова дума – ненормативна
Ключова дума семейно право
653 ## - Ключова дума – ненормативна
Ключова дума коментари
700 1# - Други автори (авторска отговорност)
Лично име Цанкова, Цанка Тодорова
Автороска отговорност (Описва отношението между автора и произведението) комент.
9 (RLIN) 373560
852 ## - Местоположение
Форматна сигнатура Цб 247894
856 4# - Електронен адрес и достъп
Електронен формат pdf - файл
Път до файла /url/
856 4# - Електронен адрес и достъп
Електронен формат pdf - файл
Път до файла /url/
942 ## - АРТИКУЛИ
Вид на библиотечния материал Книги
Скрит в OPAC Не
Koha issues (borrowed), all copies 5
944 ## - СЪЗДАВАНЕ И РЕДАКЦИЯ на ЗАПИСА
Създаване/Редакция Създаване
Дата на регистрацията/редакция 29.04.2010
Статус, дата на статуса Цветелина Шанова
Служител, извършил регистрацията/редакцията 30531
944 ## - СЪЗДАВАНЕ И РЕДАКЦИЯ на ЗАПИСА
Създаване/Редакция Редакция
Дата на регистрацията/редакция 15.12.2012
Статус, дата на статуса ф /
Служител, извършил регистрацията/редакцията
999 ## - СИСТЕМНИ КОНТРОЛНИ НОМЕРА
Koha biblionumber 91039
Koha biblioitemnumber 91039
Наличности
Код за отписване Код за изгубен артикул Източник на класификационната схема Код за повреда Коз за рестрикции Код за отдаване Артикулен № Име на библиотеката - собственик Име на библиотеката, в която се намира в момента Статус (Текущо местоположение) Дата на вписване в системата Местоположение - отдел Цена в лева Инвентарен номер Систематично азбучна сигнатура Баркод Номер на екземпляра Цена в евро Служебна бележка Служебен тип на артикула
Изтеглен Не е изгубен Universal Decimal Classification Не е повреден без рестрикции заемане за дома 146935 Регионална библиотека "Любен Каравелов" Русе Регионална библиотека "Любен Каравелов" Русе Заемна - подръчен фонд 2010-04-28 Заемна - подръчен фонд 30.00 120000743975 П 347/К 80 120000743975 1 15.34 Дост: DA Вид: А N: 14 Дата: 28.04.2010 Дата инв: 10.02.2015 Бележки инв: П2015 Книги
Изтеглен Не е изгубен Universal Decimal Classification Не е повреден без рестрикции заемане за дома 146936 Регионална библиотека "Любен Каравелов" Русе Регионална библиотека "Любен Каравелов" Русе Заемна - подръчен фонд 2010-04-28 Заемна - подръчен фонд 30.00 120000743976 П 347/К 80 120000743976 2 15.34 Дост: DA Вид: А N: 14 Дата: 28.04.2010 Дата инв: 05.02.2018 Бележки инв: П2018 Книги
  Не е изгубен Universal Decimal Classification Не е повреден без рестрикции заемане за дома 146937 Регионална библиотека "Любен Каравелов" Русе Регионална библиотека "Любен Каравелов" Русе Заемна - подръчен фонд 2010-04-28 Заемна - подръчен фонд 30.00 120000743977 П 347/К 80 120000743977 3 15.34 Дост: DA Вид: А N: 14 Дата: 28.04.2010 Дата инв: 05.02.2018 Бележки инв: П2018 Книги
  Не е изгубен   Не е повреден без рестрикции ползва се в читалня 146938 Регионална библиотека "Любен Каравелов" Русе Регионална библиотека "Любен Каравелов" Русе Читалня 2010-04-28 Читалня 30.00 120000743978 Ч 347/К 80 120000743978 4 15.34 Дост: DA Вид: А N: 14 Дата: 28.04.2010 Дата инв: 29.03.2017 Бележки инв: Ч2017 Книги
  Не е изгубен   Не е повреден без рестрикции ползва се в читалня 146939 Регионална библиотека "Любен Каравелов" Русе Регионална библиотека "Любен Каравелов" Русе Хранилище 2011-07-15 Хранилище 30.00 120000751923 Цб 247894 120000751923 5 15.34 Дост: Dp Вид: Д N: 5 Дата: 31.01.2011 Книги
Изтеглен Не е изгубен   Не е повреден без рестрикции заемане за дома 146940 Регионална библиотека "Любен Каравелов" Русе Регионална библиотека "Любен Каравелов" Русе Заемна - подръчен фонд 2012-11-27 Заемна - подръчен фонд 30.00 120000761841 П 347/К 80 120000761841 6 15.34 Дост: Pk Вид: Ф N: 323 Дата: 19.11.2012 Дата инв: 29.01.2015 Бележки инв: П2015 Книги
Vip Innovations Ltd, Rousse, Bulgaria 2025